Asas latihan perniagaan

Bibliographic Details
Main Author: Harrison, John (Author)
Format: Book
Published: Petaling Jaya : Fajar Bakti , 1984
Subjects:

MARC

LEADER 00000cam a2200000 7i4500
001 0000008817
005 20021119093000.0
008 021119n
020 |a 9679330613 
050 0 0 |a HF1106   |b .H377 
090 0 0 |a HF1106   |b .H377 
100 0 |a Harrison, John ,   |e author 
245 0 0 |a Asas latihan perniagaan   |c John Harisson 
260 2 |a Petaling Jaya :   |b Fajar Bakti ,   |c 1984 
300 |a 177 ms. ; ;   |c 22 sm. 
650 0 |a Commerce   |x Text-books 
999 |a 1000010617   |b Book   |c OPEN SHELF (30 DAYS)   |e Gong Badak Campus 
999 |a 1000010618   |b Book   |c OPEN SHELF (30 DAYS)   |e Gong Badak Campus